000 01060nam a2200289 a 4500
001 101
003 BR-CuiBMT
005 20231127194001.0
008 230811s2012 spba 000 0 por d
020 _a9788530940003
040 _aBR-CuiBMT
_cBR-CuiBMT
080 _22007
_a343.2
090 _a343.2
_bM419d
_c4. ed.
100 1 _aMasson, Cleber,
_d1976-
245 1 0 _aDireito penal esquematizado /
_cCleber Masson.
250 _a4. ed., rev., atual. e ampl.
260 _aSão Paulo :
_bMétodo,
_c2012.
300 _a3 v. :
_bil. color. ;
_c23 cm
500 _aEm consonância com a jurisprudência atualizada do STF e do STJ. Gráficos e quadros esquemáticos. Questões de concursos públicos.
504 _aInclui bibliografia.
505 0 _av. 1. Parte geral (arts. 1º a 120) -- v. 2. Parte especial (arts. 121 a 212) -- v. 3. Parte especial - (arts. 213 a 359-T).
590 _aA Biblioteca possui apenas o volume 2.
650 _aDireito penal
_zBrasil
650 _aDireito público
650 _aDireito processual penal
942 _2udc
_cLV
999 _c101
_d101